Preparation and audit of consolidated financial statements (Record no. 32841)

MARC details
000 -LEADER
fixed length control field 00288nam a2200109Ia 4500
082 ## - DEWEY DECIMAL CLASSIFICATION NUMBER
Classification number 657.6
Item number PRE
245 #0 - TITLE STATEMENT
Title Preparation and audit of consolidated financial statements
260 ## - PUBLICATION, DISTRIBUTION, ETC. (IMPRINT)
Place of publication London
Name of publisher Gee
Year of publication 1976
650 ## - SUBJECT ADDED ENTRY--TOPICAL TERM
Topical Term Auditing
942 ## - ADDED ENTRY ELEMENTS (KOHA)
Koha item type Books
Holdings
Withdrawn status Lost status Damaged status Not for loan Home library Current library Date acquired Cost, normal purchase price Full call number Accession Number Koha item type
        RRII Library RRII Library 16/12/2021 4.75 657.6 PRE 13343 Books